El Conde Duque de Olivares
Sparad:
| Huvudupphovsman: | |
|---|---|
| Materialtyp: | Bok |
| Språk: | spanska |
| Publicerad: |
Buenos Aires
Espasa-Calpe
1950
|
| Serie: | Colección Austral
|
| Ämnen: | |
| Taggar: |
Lägg till en tagg
Inga taggar, Lägg till första taggen!
|
MARC
| LEADER | 00000nam a2200000 a 4500 | ||
|---|---|---|---|
| 001 | UCY8346 | ||
| 003 | CL-VaPUC | ||
| 008 | 950703e19500000AG |||||||||||||||||spa|d | ||
| 082 | 0 | 4 | |a 923.2 |b MAR |2 21 |
| 100 | |a Marañón y Posadillo, Gregorio |e autor |9 529334 | ||
| 245 | 1 | 3 | |a El Conde Duque de Olivares |
| 300 | |a 248 p | ||
| 942 | |c BK | ||
| 945 | |d 19950703 00:00:00 |a rbrito | ||
| 260 | |a Buenos Aires |b Espasa-Calpe |c 1950 | ||
| 600 | 0 | 7 | |a OLIVARES, GASPAR DE GUZMAN |2 CL-VaPUC |9 313838 |
| 650 | 0 | |a Biografías |9 255210 | |
| 583 | |a last modification |c 19950703 00:00:00 |k Rodrigo Vera | ||
| 490 | 0 | |a Colección Austral | |
| 999 | |c 235614 |d 235612 | ||
| 952 | |0 0 |1 0 |4 0 |6 923_200000000000000_MAR_1950 |7 0 |8 A |9 243144 |a BIBEDU |b BIBEDU |d 2019-11-18 |i 3100235 |o 923.2 MAR 1950 |p 3100235 |r 2019-11-18 |w 2019-11-18 |y BK |k LIT | ||